[Event "Mercredi 2014.05.14 ABCD"]
[Site "Montreal CAN"]
[Date "2014.05.14"]
[Round "1"]
[White "Tremblay, Alain"]
[Black "Cloutier, Mathieu"]
[Result "1-0"]
[WhiteElo "2174"]
[BlackElo "2039"]
[PlyCount "111"]
[EventDate "2014.05.14"]
[EventType "tourn"]
[EventRounds "5"]
[EventCountry "CAN"]

1. c4 Nf6 2. Nc3 g6 3. Nf3 Bg7 4. d4 c5 5. e4 cxd4 6. Nxd4 d6 7. f3 O-O 8. Be3
Nc6 9. Qd2 Bd7 10. Be2 Re8 11. O-O Nxd4 12. Bxd4 Bc6 13. b4 b6 14. Rac1 Rc8 15.
Rfd1 Bb7 16. Nb5 a6 17. Nc3 Nd7 18. Bxg7 Kxg7 19. f4 Nf6 20. Qe3 Qc7 21. a3 Kg8
22. e5 dxe5 23. fxe5 Nd7 24. e6 Nf6 25. exf7+ Kxf7 26. Rf1 Kg7 27. Rf2 Rcd8 28.
Rcf1 Rf8 29. Na4 Rd6 30. c5 bxc5 31. Nxc5 Bc8 32. h3 Rfd8 33. Qe5 Rc6 34. Qg5
Rd5 35. Qc1 a5 36. Bf3 Rdxc5 37. bxc5 Rxc5 38. Qd2 Bf5 39. Re1 Rc2 40. Qe3 Rxf2
41. Kxf2 e6 42. Qe5 Qb6+ 43. Re3 Kf7 44. Kg3 Nd7 45. Qc3 Nf6 46. Kh2 Qd6+ 47.
Qe5 Qb6 48. Rc3 Ne8 49. Bc6 Nf6 50. Bf3 Ne8 51. Bc6 Nf6 52. Bb7 Ne8 53. Bc8 h5
54. Bd7 Nd6 55. Rc6 Qb5 56. Qxd6 1-0

[Event "Mercredi 2014.05.14 ABCD"]
[Site "Montreal CAN"]
[Date "2014.05.21"]
[Round "2"]
[White "Cloutier, Mathieu"]
[Black "Lebeau, Gilbert"]
[Result "1-0"]
[WhiteElo "2039"]
[BlackElo "2013"]
[PlyCount "115"]
[EventDate "2014.05.14"]
[EventType "tourn"]
[EventRounds "5"]
[EventCountry "CAN"]

1. e4 e6 2. d4 d5 3. Nc3 Nf6 4. Bg5 dxe4 5. Nxe4 Be7 6. Bxf6 gxf6 7. Nf3 b6 8.
Bd3 Bb7 9. Qe2 f5 10. Ng3 Nd7 11. O-O-O Kf8 12. Kb1 c6 13. Rhe1 Rc8 14. Qd2 h5
15. h4 c5 16. d5 Bxd5 17. Bxf5 Bxf3 18. gxf3 Nf6 19. Qf4 Qc7 20. Qe3 c4 21.
Bxe6 fxe6 22. Qxe6 Rh7 23. Nf5 Re8 24. Nd6 Rd8 25. Nxc4 Rxd1+ 26. Rxd1 Rg7 27.
Ne5 Bd8 28. Nc6 Ne8 29. a3 Bf6 30. Re1 Re7 31. Nxe7 Qxe7 32. Qxe7+ Bxe7 33. Re4
Kf7 34. Kc1 Nd6 35. Ra4 Kg6 36. Kd2 a5 37. Rd4 Nf5 38. Rd7 Bxh4 39. Ke2 Bf6 40.
c3 h4 41. Kf1 h3 42. Kg1 Be5 43. Rb7 Nh4 44. Rxb6+ Kg5 45. Rb5 Kf4 46. Kh2
Nxf3+ 47. Kxh3 Ne1 48. Rxa5 Nd3 49. Rb5 Nxf2+ 50. Kg2 Ne4 51. a4 Nd6 52. Rb4+
Ke3 53. a5 Kd3 54. a6 Nc8 55. Rb7 Kc2 56. Kf3 Kd3 57. a7 Nxa7 58. Rxa7 1-0

[Event "Mercredi 2014.05.14 ABCD"]
[Site "Montreal CAN"]
[Date "2014.05.21"]
[Round "2"]
[White "Gauthier, Luc"]
[Black "Brassard, Sylvain"]
[Result "1-0"]
[WhiteElo "1757"]
[BlackElo "1782"]
[PlyCount "43"]
[EventDate "2014.05.14"]
[EventType "tourn"]
[EventRounds "5"]
[EventCountry "CAN"]

1. e4 e6 2. d4 d5 3. e5 c5 4. c3 Nc6 5. Nf3 Qb6 6. Be2 cxd4 7. cxd4 Bd7 8. O-O
Nge7 9. Nc3 Ng6 10. Na4 Qc7 11. Be3 a6 12. Rc1 b5 13. Nc5 Bxc5 14. Rxc5 O-O 15.
h4 Nge7 16. Bd3 h6 17. Qd2 Qb6 18. Rfc1 Nf5 19. Bxf5 exf5 20. Rxd5 Be6 21. Rd6
Rac8 22. d5 1-0

[Event "Mercredi 2014.05.14 ABCD"]
[Site "Montreal CAN"]
[Date "2014.05.21"]
[Round "2"]
[White "Gunapalan, David"]
[Black "O'Connor, Michael"]
[Result "0-1"]
[WhiteElo "1871"]
[BlackElo "1853"]
[PlyCount "40"]
[EventDate "2014.05.14"]
[EventType "tourn"]
[EventRounds "5"]
[EventCountry "CAN"]

1. e4 c5 2. Nc3 Nc6 3. Bb5 g6 4. Bxc6 bxc6 5. f4 d6 6. Nf3 Bg7 7. d3 e6 8. O-O
Ne7 9. Qe1 Rb8 10. g4 Bd7 11. f5 exf5 12. exf5 gxf5 13. Ng5 h6 14. gxf5 Bd4+
15. Kh1 hxg5 16. Bxg5 f6 17. Ne4 fxg5 18. Nxd6+ Kf8 19. c3 Rxb2 20. Qg3 Rbxh2+
0-1

[Event "Mercredi 2014.05.14 ABCD"]
[Site "Montreal CAN"]
[Date "2014.05.30"]
[Round "2"]
[White "Jacquet, Stephane"]
[Black "Lopez Linares, Lizandro"]
[Result "0-1"]
[WhiteElo "2071"]
[BlackElo "2039"]
[PlyCount "96"]
[EventDate "2014.05.14"]
[EventType "tourn"]
[EventRounds "5"]
[EventCountry "CAN"]

1. d4 Nf6 2. c4 c5 3. d5 b5 4. cxb5 a6 5. bxa6 Bxa6 6. Nc3 d6 7. e4 Bxf1 8.
Kxf1 g6 9. g3 Bg7 10. Kg2 O-O 11. Nf3 Nbd7 12. a4 Ra6 13. Qc2 Qa8 14. Nb5 Rb6
15. Bf4 Ng4 16. Rad1 Rc8 17. b3 c4 18. bxc4 Ra6 19. Ra1 Bxa1 20. Rxa1 Nb6 21.
Nfd4 Rxc4 22. Qe2 Nf6 23. f3 Raxa4 24. Rb1 Ra2 25. Rb2 Rxb2 26. Qxb2 Nbxd5 27.
exd5 Qxd5 28. Bh6 Qb7 29. Qe2 Rc5 30. h3 Ne8 31. Na3 Qd7 32. g4 e5 33. Ndb5 Qe6
34. Qe3 f5 35. gxf5 gxf5 36. Kg3 f4+ 37. Bxf4 exf4+ 38. Qxf4 Qe5 39. Qxe5 dxe5
40. Kg4 Kf7 41. Kf5 Ng7+ 42. Ke4 Ke6 43. f4 exf4 44. Kxf4 Nf5 45. Kg4 Ke5 46.
Kg5 Rc6 47. Nb1 Rg6+ 48. Kh5 Kf4 0-1

[Event "Mercredi 2014.05.14 ABCD"]
[Site "Montreal CAN"]
[Date "2014.05.21"]
[Round "2"]
[White "Khudaverdian, Berj"]
[Black "Struben, Jeroen"]
[Result "0-1"]
[WhiteElo "1685"]
[BlackElo "1716"]
[PlyCount "128"]
[EventDate "2014.05.14"]
[EventType "tourn"]
[EventRounds "5"]
[EventCountry "CAN"]

1. Nf3 g6 2. e4 d6 3. d4 Nf6 4. Bd3 Bg7 5. h3 c5 6. c3 O-O 7. O-O c4 8. Bc2 b5
9. Bg5 Bb7 10. Nbd2 Nbd7 11. Qe2 e5 12. Rad1 Qc7 13. Rfe1 Rfe8 14. d5 Nc5 15.
Bxf6 Bxf6 16. Nf1 Bg7 17. Ng3 Bh6 18. Nh2 a5 19. Ng4 Bg5 20. Nh2 Bc8 21. Nf3
Bh6 22. Nf1 f5 23. exf5 Bxf5 24. Ne3 Bxc2 25. Qxc2 Nd3 26. Rf1 Qc5 27. Ng4 Bg7
28. Ne3 Bh6 29. Ng4 Bg7 30. Ne1 e4 31. Ne3 Bh6 32. Ng4 Bg5 33. b3 Qxd5 34. Ne3
Qc5 35. Nxd3 exd3 36. Qd2 Rxe3 37. b4 Qa7 38. Kh1 Re5 39. f4 Re2 40. Qc1 Qb7
41. Rg1 Bh4 42. f5 g5 43. Rdf1 Qe4 44. Rf3 d2 45. Qd1 Rf8 46. bxa5 Rxf5 47.
Rxf5 Re1 48. Qxd2 Rxg1+ 49. Kxg1 Qxf5 50. a6 Bg3 51. Qc1 Bf2+ 52. Kh1 Qe5 53.
Qf1 Bc5 54. a4 bxa4 55. Qxc4+ Kg7 56. a7 Qe1+ 57. Kh2 Qg1+ 58. Kg3 Qf2+ 59. Kh2
Bxa7 60. Qxa4 Qf4+ 61. Qxf4 gxf4 62. c4 Bf2 63. h4 Bxh4 64. Kh3 Bf2 0-1

[Event "Mercredi 2014.05.14 ABCD"]
[Site "Montreal CAN"]
[Date "2014.05.21"]
[Round "2"]
[White "Millette, Sylvain"]
[Black "Ouellet, Maili-Jade"]
[Result "0-1"]
[WhiteElo "1749"]
[BlackElo "1746"]
[PlyCount "40"]
[EventDate "2014.05.14"]
[EventType "tourn"]
[EventRounds "5"]
[EventCountry "CAN"]

1. Nf3 e6 2. g3 d5 3. Bg2 Nf6 4. d4 Bd6 5. O-O O-O 6. Nbd2 Nbd7 7. c3 b6 8. Qc2
Bb7 9. Re1 c5 10. c4 Rc8 11. cxd5 cxd4 12. Qa4 Nc5 13. Qxd4 Bxd5 14. Ng5 e5 15.
Qh4 Bxg2 16. Kxg2 h6 17. Nge4 Nfxe4 18. Qxd8 Rfxd8 19. b4 Nxd2 20. bxc5 Bxc5
0-1

[Event "Mercredi 2014.05.14 ABCD"]
[Site "Montreal CAN"]
[Date "2014.05.21"]
[Round "2"]
[White "Nardone, Raul"]
[Black "Heredia, Jose"]
[Result "0-1"]
[WhiteElo "1876"]
[BlackElo "1906"]
[PlyCount "72"]
[EventDate "2014.05.14"]
[EventType "tourn"]
[EventRounds "5"]
[EventCountry "CAN"]

1. e4 c6 2. Nc3 d5 3. Nf3 Bg4 4. d4 dxe4 5. Nxe4 Bxf3 6. Qxf3 e6 7. Be3 Nd7 8.
Be2 Ngf6 9. O-O Nxe4 10. Qxe4 Nf6 11. Qd3 Qc7 12. c4 Be7 13. Rac1 Rd8 14. Qb1
c5 15. dxc5 Bxc5 16. Bg5 Qe5 17. Bxf6 gxf6 18. Bf3 b6 19. Rce1 Qg5 20. Qe4 Kf8
21. Rd1 Kg7 22. h4 Qg6 23. Qe1 a5 24. Rxd8 Rxd8 25. Qc1 Rd3 26. Qb1 Rd4 27. b3
Qxb1 28. Rxb1 Rd2 29. Rf1 Rxa2 30. g3 Rd2 31. Kg2 f5 32. Bh5 Kf8 33. g4 fxg4
34. Bxg4 Ke7 35. Bf3 f5 36. Kg3 Kf6 0-1

[Event "Mercredi 2014.05.14 ABCD"]
[Site "Montreal CAN"]
[Date "2014.05.21"]
[Round "2"]
[White "Nunez, Omar"]
[Black "Beaulieu, Pierre"]
[Result "1/2-1/2"]
[WhiteElo "1959"]
[BlackElo "1948"]
[PlyCount "45"]
[EventDate "2014.05.14"]
[EventType "tourn"]
[EventRounds "5"]
[EventCountry "CAN"]

1. f4 b6 2. Nf3 Bb7 3. b3 e6 4. Bb2 Nf6 5. e3 Be7 6. Be2 c5 7. O-O Nc6 8. c4
O-O 9. Nc3 d5 10. d4 cxd4 11. exd4 Ne4 12. Rc1 Rc8 13. Kh1 Kh8 14. cxd5 Nxc3
15. Rxc3 exd5 16. Ne5 Nxe5 17. Rxc8 Bxc8 18. dxe5 Bc5 19. Qd3 Bb7 20. f5 Qh4
21. Bf3 Rd8 22. g3 Qe7 23. f6 1/2-1/2

[Event "Mercredi 2014.05.14 ABCD"]
[Site "Montreal CAN"]
[Date "2014.05.30"]
[Round "2"]
[White "Salazar, Andres"]
[Black "Abdelaal, Ibrahim"]
[Result "0-1"]
[WhiteElo "1777"]
[BlackElo "1794"]
[PlyCount "112"]
[EventDate "2014.05.14"]
[EventType "tourn"]
[EventRounds "5"]
[EventCountry "CAN"]

1. e4 c5 2. Nf3 e6 3. d4 cxd4 4. Nxd4 a6 5. Nc3 Qc7 6. Be3 Nf6 7. a3 Be7 8. Be2
O-O 9. O-O d6 10. f4 Nbd7 11. Qe1 b5 12. Rd1 Bb7 13. Bf3 Rad8 14. f5 e5 15. Nb3
Nc5 16. Qg3 Ncxe4 17. Nxe4 Nxe4 18. Bxe4 Bxe4 19. f6 Bxf6 20. Rxf6 Qxc2 21.
Rfxd6 Rxd6 22. Rxd6 Qxb3 23. Qf2 h6 24. Qd2 Qc2 25. Qxc2 Bxc2 26. Rxa6 Bd3 27.
Rc6 e4 28. Kf2 f5 29. g3 Rf7 30. h4 Rd7 31. Bf4 Kf7 32. Ke3 Bb1 33. Rc5 Rd3+
34. Ke2 Rb3 35. Be5 g5 36. hxg5 hxg5 37. Bc3 Kg6 38. Ke3 Bd3 39. Kd4 f4 40.
gxf4 gxf4 41. Rc6+ Kf5 42. Rc8 Kg4 43. Rf8 Kg3 44. Ke5 f3 45. Be1+ Kg2 46. Rg8+
Kf1 47. Bc3 e3 48. Kd4 Bc4 49. Rf8 Ke2 50. Re8 f2 51. Rxe3+ Kd1 52. Rf3 f1=Q
53. Rxf1+ Bxf1 54. Ke3 Kc2 55. Kd4 Rxb2 56. Bxb2 Kxb2 0-1

[Event "Mercredi 2014.05.14 ABCD"]
[Site "Montreal CAN"]
[Date "2014.05.21"]
[Round "2"]
[White "Tremblay, Alain"]
[Black "Boudreau, Daniel"]
[Result "1-0"]
[WhiteElo "2174"]
[BlackElo "2080"]
[PlyCount "77"]
[EventDate "2014.05.14"]
[EventType "tourn"]
[EventRounds "5"]
[EventCountry "CAN"]

1. e4 c5 2. Nf3 a6 3. d4 cxd4 4. Nxd4 e6 5. Nc3 Qc7 6. g3 b5 7. a3 Bb7 8. Bg2
Nc6 9. O-O Nf6 10. Nxc6 Qxc6 11. Re1 O-O-O 12. Be3 h5 13. h3 Bc5 14. Bxc5 Qxc5
15. e5 Bxg2 16. Kxg2 Ne8 17. Qf3 Qc6 18. Ne4 f5 19. Ng5 Qxf3+ 20. Kxf3 Rf8 21.
c4 bxc4 22. Rac1 Kb7 23. Rxc4 Nc7 24. Ke2 Nd5 25. h4 Rc8 26. Rec1 Rxc4 27. Rxc4
Kb6 28. f4 Kb5 29. Kd3 Kb6 30. Nf3 Rd8 31. Nd4 Nc7 32. Kc2 Nb5 33. Kd3 Nxd4 34.
Rxd4 Kc7 35. b4 Rb8 36. Kc4 Rb6 37. a4 Rb7 38. Kc5 Rb6 39. Rxd7+ 1-0

[Event "Mercredi 2014.05.14 ABCD"]
[Site "Montreal CAN"]
[Date "2014.05.21"]
[Round "2"]
[White "Zumsteg, Nicolas"]
[Black "Mireault, Sylvain"]
[Result "1-0"]
[WhiteElo "1708"]
[BlackElo "1717"]
[PlyCount "71"]
[EventDate "2014.05.14"]
[EventType "tourn"]
[EventRounds "5"]
[EventCountry "CAN"]

1. d4 g6 2. c4 Bg7 3. Nc3 Nf6 4. e4 d6 5. Nf3 O-O 6. h3 c5 7. d5 Na6 8. Bg5 Bd7
9. Qd2 Qa5 10. Be2 Rab8 11. O-O b5 12. cxb5 Nc7 13. a4 Qb4 14. e5 dxe5 15. Nxe5
Rfd8 16. Nd3 Qd4 17. Be3 Qh4 18. Nf4 g5 19. g3 Qh6 20. Ng2 Qxh3 21. Bxg5 Ng4
22. Bxg4 Bxg4 23. Nf4 Bxc3 24. bxc3 Rxd5 25. Qe3 h6 26. Bxe7 Rb6 27. Nxh3 Bxh3
28. Qf4 Ne6 29. Qxh6 Bg4 30. Qe3 Ng7 31. Bxc5 Rg6 32. Bd4 Rh5 33. f3 Be6 34. g4
Nf5 35. Qe5 Rh3 36. Qb8+ 1-0

[Event "Mercredi 2014.05.14 ABCD"]
[Site "Montreal CAN"]
[Date "2014.05.28"]
[Round "3"]
[White "Abdelaal, Ibrahim"]
[Black "Gunapalan, David"]
[Result "1-0"]
[WhiteElo "1794"]
[BlackElo "1871"]
[PlyCount "58"]
[EventDate "2014.05.14"]
[EventType "tourn"]
[EventRounds "5"]
[EventCountry "CAN"]

1. e4 e5 2. d4 exd4 3. c3 dxc3 4. Bc4 d6 5. Nf3 Be6 6. Bxe6 fxe6 7. Qb3 Nd7 8.
Qxe6+ Qe7 9. Qxe7+ Bxe7 10. Nxc3 Ngf6 11. Bg5 O-O 12. O-O-O Rae8 13. Nd4 Ng4
14. Bxe7 Rxe7 15. Rhf1 Nxh2 16. Nf5 Ref7 17. Rfe1 Ng4 18. f3 Nge5 19. Nd5 Nc5
20. Kb1 h6 21. Rh1 Ncd3 22. Rh4 Re8 23. Rd2 Nc5 24. b3 Ne6 25. f4 Nc6 26. Re2
Ncd4 27. Nxd4 Nxd4 28. Re3 c6 29. Nc3 Nf5 1-0

[Event "Mercredi 2014.05.14 ABCD"]
[Site "Montreal CAN"]
[Date "2014.05.28"]
[Round "3"]
[White "Beaulieu, Pierre"]
[Black "Nardone, Raul"]
[Result "0-1"]
[WhiteElo "1948"]
[BlackElo "1876"]
[PlyCount "66"]
[EventDate "2014.05.14"]
[EventType "tourn"]
[EventRounds "5"]
[EventCountry "CAN"]

1. b3 f5 2. Bb2 Nf6 3. e3 e6 4. f4 Be7 5. Nf3 O-O 6. Be2 b6 7. O-O Bb7 8. c4 a5
9. Nc3 Na6 10. d4 Qe8 11. Ne1 Qg6 12. Bf3 Ne4 13. Nd3 d6 14. a3 Bf6 15. b4 c5
16. Na4 Rad8 17. Nxb6 Qh6 18. b5 Nc7 19. Qe1 cxd4 20. exd4 g5 21. Qxa5 g4 22.
Be2 Qg7 23. Rad1 Bxd4+ 24. Bxd4 Qxd4+ 25. Nf2 Qe3 26. Qa7 g3 27. Qxb7 gxf2+ 28.
Kh1 Qxe2 29. Qxc7 Nd2 30. Qxd8 Nxf1 31. Qg5+ Kh8 32. Rc1 Qe1 33. h4 Qxc1 0-1

[Event "Mercredi 2014.05.14 ABCD"]
[Site "Montreal CAN"]
[Date "2014.05.28"]
[Round "3"]
[White "Boudreau, Daniel"]
[Black "Cloutier, Mathieu"]
[Result "1-0"]
[WhiteElo "2080"]
[BlackElo "2039"]
[PlyCount "63"]
[EventDate "2014.05.14"]
[EventType "tourn"]
[EventRounds "5"]
[EventCountry "CAN"]

1. e4 c5 2. Nf3 d6 3. Bb5+ Nc6 4. Bxc6+ bxc6 5. O-O e5 6. c3 f5 7. exf5 Be7 8.
Re1 Nf6 9. d4 e4 10. dxc5 d5 11. Nd4 Qc7 12. b4 O-O 13. g3 a5 14. Bf4 Qb7 15.
a3 axb4 16. cxb4 Ne8 17. Nd2 Bxf5 18. N2b3 Bh3 19. b5 Rxf4 20. gxf4 Bf6 21. Qh5
Qc8 22. f5 Bxf5 23. Qxf5 Qxf5 24. Nxf5 Bxa1 25. Rxa1 cxb5 26. Ne7+ Kf7 27. Nxd5
Ke6 28. Nb6 Rd8 29. Re1 Nf6 30. c6 Nd5 31. Rxe4+ Kd6 32. Nxd5 1-0

[Event "Mercredi 2014.05.14 ABCD"]
[Site "Montreal CAN"]
[Date "2014.05.28"]
[Round "3"]
[White "Brassard, Sylvain"]
[Black "Salazar, Andres"]
[Result "1-0"]
[WhiteElo "1782"]
[BlackElo "1777"]
[PlyCount "83"]
[EventDate "2014.05.14"]
[EventType "tourn"]
[EventRounds "5"]
[EventCountry "CAN"]

1. d4 c5 2. d5 d6 3. e4 Nf6 4. Bd3 g6 5. Nc3 Bg7 6. Nf3 Bg4 7. O-O O-O 8. h3
Bxf3 9. Qxf3 a6 10. a4 Nfd7 11. Be2 Bd4 12. a5 Ne5 13. Qg3 Nbd7 14. Nd1 c4 15.
Be3 Bxe3 16. Nxe3 Nf6 17. Nxc4 Nxe4 18. Qe3 Nxc4 19. Bxc4 Nc5 20. Rfe1 Re8 21.
b4 Nd7 22. Bb3 Rc8 23. Rad1 Rc7 24. Rd4 Qc8 25. Ba4 Kg7 26. Re4 Rd8 27. Rxe7
Rc3 28. Bxd7 Rxe3 29. Bxc8 Rxe1+ 30. Rxe1 Rxc8 31. Re7 Rxc2 32. Rxb7 Rd2 33.
Rb6 Rxd5 34. Rxa6 Rb5 35. Rb6 Rd5 36. Kf1 Rd2 37. a6 d5 38. b5 d4 39. a7 Ra2
40. Ra6 Rb2 41. a8=Q d3 42. Ra1 1-0

[Event "Mercredi 2014.05.14 ABCD"]
[Site "Montreal CAN"]
[Date "2014.05.28"]
[Round "3"]
[White "Dumouchel, Alain"]
[Black "Nunez, Omar"]
[Result "1-0"]
[WhiteElo "1931"]
[BlackElo "1959"]
[PlyCount "71"]
[EventDate "2014.05.14"]
[EventType "tourn"]
[EventRounds "5"]
[EventCountry "CAN"]

1. f3 e5 2. Nh3 d5 3. g3 Nf6 4. Bg2 Bc5 5. e3 Qe7 6. Nf2 Nc6 7. O-O Be6 8. d3
O-O-O 9. c3 h5 10. b4 Bd6 11. Qa4 a6 12. b5 axb5 13. Qxb5 Rdg8 14. c4 dxc4 15.
dxc4 Bd7 16. Nc3 Nb8 17. Qb3 Bc6 18. Nd5 Bxd5 19. cxd5 g5 20. Rb1 b6 21. a4 h4
22. a5 hxg3 23. hxg3 Nfd7 24. Qb5 bxa5 25. Qxa5 Bc5 26. Bd2 f5 27. Rfc1 Rg6 28.
Bb4 Ra6 29. Bxc5 Qh7 30. Qb4 Qh2+ 31. Kf1 Qxg3 32. Be7 Rb6 33. Qc4 e4 34. f4 c6
35. dxc6 Rxc6 36. Qxc6+ 1-0

[Event "Mercredi 2014.05.14 ABCD"]
[Site "Montreal CAN"]
[Date "2014.05.28"]
[Round "3"]
[White "Heredia, Jose"]
[Black "Barko, Maxim"]
[Result "1-0"]
[WhiteElo "1906"]
[BlackElo "1880"]
[PlyCount "77"]
[EventDate "2014.05.14"]
[EventType "tourn"]
[EventRounds "5"]
[EventCountry "CAN"]

1. e4 e6 2. d4 d5 3. Nc3 Bb4 4. exd5 exd5 5. Bd3 Nf6 6. h3 O-O 7. Nge2 c5 8.
dxc5 Bxc5 9. Bg5 Nc6 10. O-O h6 11. Bh4 g5 12. Bg3 a6 13. Kh1 Re8 14. h4 Be6
15. Qd2 Ng4 16. hxg5 hxg5 17. Ng1 Kg7 18. Nce2 Rh8+ 19. Nh3 f6 20. Kg1 Nce5 21.
Bxe5 Nxe5 22. Qc3 Rc8 23. Nxg5 Qd6 24. Nxe6+ Qxe6 25. Nd4 Nf3+ 26. Nxf3 Bxf2+
27. Rxf2 Rxc3 28. bxc3 Qe3 29. Re1 Qc5 30. Nd4 Qxc3 31. Nf5+ Kg6 32. Ref1 Qc5
33. Nd4+ Kf7 34. Rxf6+ Ke7 35. Rf7+ Kd6 36. R1f4 Re8 37. Kf1 Qc3 38. R4f6+ Ke5
39. Nf3# 1-0

[Event "Mercredi 2014.05.14 ABCD"]
[Site "Montreal CAN"]
[Date "2014.05.28"]
[Round "3"]
[White "Lebeau, Gilbert"]
[Black "Jacquet, Stephane"]
[Result "0-1"]
[WhiteElo "2013"]
[BlackElo "2071"]
[PlyCount "66"]
[EventDate "2014.05.14"]
[EventType "tourn"]
[EventRounds "5"]
[EventCountry "CAN"]

1. d4 d5 2. c4 dxc4 3. Nf3 Nf6 4. e3 e6 5. Bxc4 c5 6. O-O a6 7. Bb3 Nc6 8. Nc3
Be7 9. a3 O-O 10. Qd3 b5 11. Bc2 Bb7 12. Rd1 Rc8 13. Qe2 Qc7 14. e4 b4 15. d5
Nd4 16. Nxd4 cxd4 17. e5 bxc3 18. exf6 Bxf6 19. b4 Bxd5 20. Qd3 g6 21. Bh6 Rfd8
22. Rac1 Qc6 23. Qg3 Qd6 24. Qg4 e5 25. h4 Qe6 26. Qg3 Bb3 27. Bxb3 Qxb3 28. h5
Qe6 29. f3 Qf5 30. hxg6 hxg6 31. Re1 Qh5 32. Qh3 Qxh3 33. gxh3 Kh7 0-1

[Event "Mercredi 2014.05.14 ABCD"]
[Site "Montreal CAN"]
[Date "2014.05.28"]
[Round "3"]
[White "Lopez Linares, Lizandro"]
[Black "Tremblay, Alain"]
[Result "1-0"]
[WhiteElo "2039"]
[BlackElo "2174"]
[PlyCount "71"]
[EventDate "2014.05.14"]
[EventType "tourn"]
[EventRounds "5"]
[EventCountry "CAN"]

1. d4 Nf6 2. Nf3 g6 3. Bf4 Bg7 4. e3 d6 5. h3 Nbd7 6. Be2 c5 7. c3 O-O 8. O-O
b6 9. Nbd2 Bb7 10. Qb1 a6 11. Rd1 Ra7 12. e4 Qa8 13. Bd3 b5 14. Re1 cxd4 15.
cxd4 Qd8 16. Be3 Ra8 17. a4 b4 18. a5 Bc6 19. d5 Bb5 20. Bxb5 axb5 21. Nb3 Qb8
22. Nfd4 Nc5 23. Nxc5 dxc5 24. Nc6 Qc7 25. Bxc5 Rfe8 26. Bb6 Qf4 27. Qd3 e6 28.
Qxb5 Nxe4 29. Qxb4 exd5 30. Ne7+ Rxe7 31. Qxe7 Be5 32. g3 Qf5 33. Qb7 Re8 34.
Qxd5 Ng5 35. Ra3 Nxh3+ 36. Kg2 1-0

[Event "Mercredi 2014.05.14 ABCD"]
[Site "Montreal CAN"]
[Date "2014.05.28"]
[Round "3"]
[White "Mireault, Sylvain"]
[Black "Millette, Sylvain"]
[Result "0-1"]
[WhiteElo "1717"]
[BlackElo "1749"]
[PlyCount "86"]
[EventDate "2014.05.14"]
[EventType "tourn"]
[EventRounds "5"]
[EventCountry "CAN"]

1. Nf3 Nf6 2. g3 g6 3. Bg2 d5 4. d3 Bg7 5. O-O O-O 6. Nbd2 c5 7. e4 dxe4 8.
dxe4 Nc6 9. c3 Ng4 10. Nc4 Qc7 11. Bf4 e5 12. Bg5 Be6 13. Qe2 f6 14. Be3 Nxe3
15. Nxe3 Rad8 16. Nd5 Bxd5 17. exd5 Rxd5 18. Nd4 Rxd4 19. cxd4 Nxd4 20. Qc4+
Kh8 21. Rac1 Rc8 22. Rfd1 b6 23. a4 a5 24. Rc3 f5 25. g4 fxg4 26. Be4 Rd8 27.
Kg2 Qe7 28. h3 Qg5 29. h4 Qxh4 30. Rh1 Qf6 31. Rg3 Rf8 32. Qf1 Ne6 33. Rxg4
Nf4+ 34. Kg1 h5 35. Rxg6 Nxg6 36. Rxh5+ Kg8 37. Qc4+ Rf7 38. Rf5 Qe7 39. Rxf7
Qg5+ 40. Kf1 Kh7 41. Qc2 Kh6 42. Rf3 Nf4 43. Rg3 Qh4 0-1

[Event "Mercredi 2014.05.14 ABCD"]
[Site "Montreal CAN"]
[Date "2014.05.28"]
[Round "3"]
[White "Ouellet, Maili-Jade"]
[Black "Khudaverdian, Berj"]
[Result "1-0"]
[WhiteElo "1746"]
[BlackElo "1685"]
[PlyCount "47"]
[EventDate "2014.05.14"]
[EventType "tourn"]
[EventRounds "5"]
[EventCountry "CAN"]

1. d4 Nf6 2. c4 e5 3. dxe5 Ng4 4. Nf3 Nc6 5. Bf4 Bb4+ 6. Nc3 Qe7 7. Qb3 Na5 8.
Qc2 Nxc4 9. O-O-O Bxc3 10. Qxc3 b5 11. Bg3 a5 12. Qd4 Nh6 13. e6 O-O 14. exd7
c5 15. d8=Q cxd4 16. Qxe7 Nf5 17. Qe4 Be6 18. Nxd4 Rac8 19. Kb1 Rfd8 20. e3
Nfd6 21. Bxd6 Nxd6 22. Qe5 Nf5 23. Be2 Rd5 24. Qf4 1-0

[Event "Mercredi 2014.05.14 ABCD"]
[Site "Montreal CAN"]
[Date "2014.05.28"]
[Round "3"]
[White "Struben, Jeroen"]
[Black "Zumsteg, Nicolas"]
[Result "1-0"]
[WhiteElo "1716"]
[BlackElo "1708"]
[PlyCount "49"]
[EventDate "2014.05.14"]
[EventType "tourn"]
[EventRounds "5"]
[EventCountry "CAN"]

1. d4 Nf6 2. c4 e6 3. Nc3 Bb4 4. Qc2 d5 5. Nf3 c5 6. e3 Nc6 7. a3 cxd4 8. exd4
Bxc3+ 9. bxc3 Qc7 10. Bd3 e5 11. cxd5 Nxd5 12. O-O h6 13. Re1 O-O 14. c4 Nf4
15. d5 Nxd3 16. Qxd3 Na5 17. Nxe5 f6 18. d6 Qc5 19. Ng6 Rd8 20. Ne7+ Kh8 21.
Ng6+ Kg8 22. Ne7+ Kh8 23. Qg6 Qxc4 24. Bxh6 Qg4 25. Bxg7# 1-0

[Event "Mercredi 2014.05.14 ABCD"]
[Site "Montreal CAN"]
[Date "2014.06.04"]
[Round "4"]
[White "Beaulieu, Pierre"]
[Black "Dumouchel, Alain"]
[Result "1-0"]
[WhiteElo "1948"]
[BlackElo "1931"]
[PlyCount "67"]
[EventDate "2014.05.14"]
[EventType "tourn"]
[EventRounds "5"]
[EventCountry "CAN"]

1. f4 c5 2. Nf3 Nc6 3. e3 g6 4. Bc4 d5 5. Bb5 a6 6. Bxc6+ bxc6 7. Ne5 f6 8. Ng4
h5 9. Nf2 Nh6 10. d3 Rb8 11. c4 Be6 12. Qa4 dxc4 13. Qxc6+ Kf7 14. Qxa6 Rb6 15.
Qa3 cxd3 16. Qxd3 Rd6 17. Qc2 Qa5+ 18. Qc3 Qa8 19. e4 Ng4 20. Nd2 Bh6 21. Nxg4
hxg4 22. O-O Rhd8 23. g3 Qc6 24. Re1 Rd3 25. Qc2 c4 26. Nf1 c3 27. f5 Bxc1 28.
fxe6+ Qxe6 29. Raxc1 Qb6+ 30. Qf2 Qxb2 31. Qxb2 cxb2 32. Rc2 Ra3 33. Rxb2 Rda8
34. Ree2 1-0

[Event "Mercredi 2014.05.14 ABCD"]
[Site "Montreal CAN"]
[Date "2014.06.04"]
[Round "4"]
[White "Boudreau, Daniel"]
[Black "Lopez Linares, Lizandro"]
[Result "0-1"]
[WhiteElo "2080"]
[BlackElo "2039"]
[PlyCount "92"]
[EventDate "2014.05.14"]
[EventType "tourn"]
[EventRounds "5"]
[EventCountry "CAN"]

1. e4 e6 2. d4 d5 3. Nd2 Nf6 4. Bd3 c5 5. c3 Nc6 6. Ngf3 cxd4 7. cxd4 Qb6 8.
O-O Be7 9. e5 Nd7 10. Nb3 a5 11. a4 h6 12. Be3 Nb4 13. Bb1 O-O 14. Ne1 f5 15.
f4 Rf7 16. Rf3 Nf8 17. Nd3 Qd8 18. Rh3 b6 19. Nxb4 axb4 20. g4 Bd7 21. gxf5
exf5 22. Nc1 b5 23. b3 bxa4 24. bxa4 Qb6 25. Bc2 g5 26. Bb3 Qe6 27. Nd3 g4 28.
Rg3 Ng6 29. Nc5 Bxc5 30. dxc5 Ne7 31. Qd4 Rb8 32. Bd2 h5 33. Rd3 Bc6 34. Bxb4
h4 35. Be1 Rh7 36. Qf2 Kf7 37. Qa2 g3 38. h3 Rhh8 39. Rad1 Rb7 40. Bc2 Rhb8 41.
Rb1 Rxb1 42. Bxb1 Bxa4 43. Ra3 Qc6 44. Rxa4 Rxb1 45. Qxb1 Qxa4 46. Qd1 Qxd1 0-1

[Event "Mercredi 2014.05.14 ABCD"]
[Site "Montreal CAN"]
[Date "2014.06.04"]
[Round "4"]
[White "Cloutier, Mathieu"]
[Black "Jacquet, Stephane"]
[Result "1-0"]
[WhiteElo "2039"]
[BlackElo "2071"]
[PlyCount "99"]
[EventDate "2014.05.14"]
[EventType "tourn"]
[EventRounds "5"]
[EventCountry "CAN"]

1. e4 d6 2. d4 Nf6 3. Nc3 g6 4. f4 Bg7 5. Nf3 O-O 6. Bd3 Nc6 7. e5 dxe5 8. fxe5
Nh5 9. Be3 Bg4 10. Be2 f6 11. exf6 exf6 12. Qd2 Re8 13. O-O Ne7 14. Bc4+ Kh8
15. h3 Bxf3 16. Rxf3 Nf5 17. Rxf5 gxf5 18. Bf7 Qe7 19. Bxe8 Rxe8 20. Bf2 Qd7
21. Qd1 Nf4 22. Qf3 Bh6 23. Kh2 c6 24. Be3 Rxe3 25. Qxe3 Kg7 26. Re1 Ng6 27.
Qf2 Bf4+ 28. g3 Bc7 29. Ne2 h5 30. Nf4 Bxf4 31. gxf4 Qd6 32. Rg1 Kf7 33. Qg3
Qxf4 34. Qxf4 Nxf4 35. Rf1 Ne6 36. Rxf5 Kg6 37. Ra5 Nxd4 38. Rxa7 b5 39. c3
Nf3+ 40. Kg3 Ne5 41. Rc7 Kg5 42. h4+ Kf5 43. b3 Ke4 44. a4 bxa4 45. bxa4 Kd5
46. a5 Kd6 47. Rh7 Nc4 48. a6 c5 49. a7 Nb6 50. Rb7 1-0